The teaching profession in the 21st century / (Record no. 98777)

MARC details
000 -LEADER
fixed length control field 00839nam a22002417a 4500
003 - CONTROL NUMBER IDENTIFIER
control field URS
005 - DATE AND TIME OF LATEST TRANSACTION
control field 20260223164113.0
008 - FIXED-LENGTH DATA ELEMENTS--GENERAL INFORMATION
fixed length control field 260214t2024 ph ||||| |||| 001 0 eng d
020 ## - INTERNATIONAL STANDARD BOOK NUMBER
International Standard Book Number 9789719655404
040 ## - CATALOGING SOURCE
Original cataloging agency DLC
Language of cataloging DLC
Transcribing agency DLC
Modifying agency URS
Description conventions rda
082 ## - DEWEY DECIMAL CLASSIFICATION NUMBER
Edition number Revised Edition
Classification number 361.3
Item number P9444 2024
100 ## - MAIN ENTRY--PERSONAL NAME
Personal name Sarandi, Darwin S.,
Relator term authors.
245 ## - TITLE STATEMENT
Title The teaching profession in the 21st century /
Statement of responsibility, etc. Darwin S. Sarandi and Michael R. Babao.
264 ## - PRODUCTION, PUBLICATION, DISTRIBUTION, MANUFACTURE, AND COPYRIGHT NOTICE
Place of production, publication, distribution, manufacture Intramuros, Manila:
Name of producer, publisher, distributor, manufacturer Mindshapers Co., Inc.,
Date of production, publication, distribution, manufacture, or copyright notice [2024]
300 ## - PHYSICAL DESCRIPTION
Extent x, 142 pages:
Dimensions 25.5cm
336 ## - CONTENT TYPE
Source rdacontent
Content type term text
Content type code txt
337 ## - MEDIA TYPE
Source rdamedia
Media type term unmediated
Media type code n
338 ## - CARRIER TYPE
Source rdacarrier
Carrier type term volume
Carrier type code nc
504 ## - BIBLIOGRAPHY, ETC. NOTE
Bibliography, etc. note Includes bibliographical references (pages 141-142), and indexes.
650 ## - SUBJECT ADDED ENTRY--TOPICAL TERM
Topical term or geographic name entry element Teaching as a profession.
700 ## - ADDED ENTRY--PERSONAL NAME
Personal name Babao, Michael R.,
Relator term authors.
942 ## - ADDED ENTRY ELEMENTS (KOHA)
Source of classification or shelving scheme Dewey Decimal Classification
Koha item type Filipiniana
Holdings
Withdrawn status Source of classification or shelving scheme Damaged status Not for loan Home library Current library Shelving location Date acquired Total Checkouts Full call number Barcode Date last seen Price effective from Koha item type
  Dewey Decimal Classification     Pililla College Library Pililla College Library Filipiniana Section 02/14/2026   371.102 Sa715 2024 URSPIL-7456 02/14/2026 02/14/2026 Filipiniana

University of Rizal System
Email us at univlibservices@urs.edu.ph

Visit our Website www.urs.edu.ph/library